00548nam a22001817a 450000500170000001000150001702000260003203500140005803700130007208200120008510000150009724500510011225000060016326000590016927000930022830000200032170000250034120241028151718.0 aENG-142505 c100.00a9789394830226 aEN-126037 bDBAD/PUB a330.954 aKallol Roy aChallenges with Indian Economy/cby Kallol Roy a1 aWest BengalbKamlesh Nanda on Behalf of Kabitikac2022 bWest BengalaKharagpur, Midnapore, West Bengale700107k9832130048mkabitika10@gmail.com a88p.c21cm(pbk) aRohit SharmaeAuthor